01127nac a22002531u 4500010001600000020002800016035002100044082001100065090001500076100003400091111008400125245015200209260006100361300003300422440008400455504005300539650003700592650005400629700002100683700003400704942001500738999001500753952010500768 a 99043684 a0821811843 (alk. paper) a(DLC) 9904368400a005.42 c4406d4406 a20080729 2 aDIMACS Workshop External Memory and Visualizationd(1998 :cRutgers University)10aExternal memory algorithms :bDIMACS Workshop External Memory and Visualization, May 20-22, 1998 /cJames M. Abello, Jeffrey Scott Vitter, editors. aProvidence, RI :bAmerican Mathematical Society,cc1999. axi, 306 p. :bill. ;c26 cm. 0aDIMACS series in discrete mathematics and theoretical computer science ;vv. 50 aIncludes bibliographical references and indexes. 0aComputer algorithmsvCongresses. 0aMemory management (Computer science)vCongresses.1 aAbello, James M.1 aVitter, Jeffrey Scott,d1955- cBBk005.42 c4406d4406 00104070aMAINbMAINcLOWd2005-09-07ePurchasel0o005.42 EXTp000005328r2025-07-15 00:00:00yBB